Το βιβλίο της Assembly για τον IBM PC και τους συμβατούς

Αποθηκεύτηκε σε:
Λεπτομέρειες βιβλιογραφικής εγγραφής
Κύριος συγγραφέας: Norton, Peter 1943-
Άλλοι συγγραφείς: Socha, John 1958-
Μορφή: Βιβλίο
Γλώσσα:Greek
Δημοσίευση: Αθήνα : Κλειδάριθμος, 1989
Θέματα:
Ετικέτες: Προσθήκη ετικέτας
Δεν υπάρχουν, Καταχωρήστε ετικέτα πρώτοι!

MARC

LEADER 00000nam a2200000 i 4500
001 1/97754
008 950223s1989 gre d
020 |a 960-209-028-6 
035 |l 10010680 
040 |a GR-MY-UA  |b gre  |e aacr 
041 0 |a gre 
082 0 |a 005.2 
100 1 |a Norton, Peter  |d 1943- 
245 1 3 |a Το βιβλίο της Assembly για τον IBM PC και τους συμβατούς /  |c Peter Norton; John Socha 
260 |a Αθήνα :   |b Κλειδάριθμος,   |c 1989 
300 |a 439 σ. 
650 0 0 |a IBM Personal Computer  |x Programming. 
650 0 0 |a Assembler language (Computer program language) 
700 1 |a Socha, John  |d 1958- 
852 |a INST  |b LESVOS  |e 19950223  |h 005.2 NOR  |p 005100002771  |q 005100002771  |t BK  |y 0 
909 |a Λ  |b 017882 
922 |a 1ΕΛΗ  |b 199008  |c ΠΠ/113